<?xml version="1.0" encoding="UTF-8"?>
<collection xmlns="http://www.loc.gov/MARC21/slim">
 <record>
  <leader>03551nam a2200445 a 4500</leader>
  <controlfield tag="001">7424</controlfield>
  <controlfield tag="003">BD-DhAAL</controlfield>
  <controlfield tag="005">20240505162410.0</controlfield>
  <controlfield tag="008">090917t19942023nyua     b    001 0 eng d</controlfield>
  <datafield tag="010" ind1=" " ind2=" ">
   <subfield code="a">\\\72003771 </subfield>
  </datafield>
  <datafield tag="020" ind1=" " ind2=" ">
   <subfield code="a">0231036256</subfield>
  </datafield>
  <datafield tag="020" ind1=" " ind2=" ">
   <subfield code="a">9840512676</subfield>
  </datafield>
  <datafield tag="020" ind1=" " ind2=" ">
   <subfield code="a">9789845062275</subfield>
  </datafield>
  <datafield tag="040" ind1=" " ind2=" ">
   <subfield code="a">DLC</subfield>
   <subfield code="c">DLC</subfield>
   <subfield code="d">DLC</subfield>
   <subfield code="d">BD-DhAAL</subfield>
  </datafield>
  <datafield tag="082" ind1="0" ind2="0">
   <subfield code="a">320.95491</subfield>
   <subfield code="2">20</subfield>
  </datafield>
  <datafield tag="100" ind1="1" ind2=" ">
   <subfield code="a">Jahan, Rounaq.</subfield>
   <subfield code="9">37210</subfield>
  </datafield>
  <datafield tag="245" ind1="1" ind2="0">
   <subfield code="a">Pakistan :</subfield>
   <subfield code="b">failure in national integration /</subfield>
   <subfield code="c">Rounaq Jahan.</subfield>
  </datafield>
  <datafield tag="260" ind1=" " ind2=" ">
   <subfield code="a">New York,</subfield>
   <subfield code="b">Columbia University Press</subfield>
   <subfield code="c">1994 [second impression 2001, fifth impression 2022, sixth impression 2023].</subfield>
  </datafield>
  <datafield tag="300" ind1=" " ind2=" ">
   <subfield code="a">ix, 248 pages :</subfield>
   <subfield code="b">illustrations ;</subfield>
   <subfield code="c">23 cm.</subfield>
  </datafield>
  <datafield tag="504" ind1=" " ind2=" ">
   <subfield code="a">Includes bibliographical references (pages 217-237) and index.</subfield>
  </datafield>
  <datafield tag="526" ind1=" " ind2=" ">
   <subfield code="a">BIED, GenEd</subfield>
  </datafield>
  <datafield tag="541" ind1="1" ind2=" ">
   <subfield code="a">Complimentary copy from BIED, Donated By Akbar Ali Khan, Book Finder International, Karim International</subfield>
   <subfield code="e">7424, 35744, 38023, 39443, 42545, 42546, 42547, 42548, 42549</subfield>
  </datafield>
  <datafield tag="651" ind1=" " ind2="0">
   <subfield code="a">Pakistan</subfield>
   <subfield code="x">Politics and government.</subfield>
   <subfield code="9">37211</subfield>
  </datafield>
  <datafield tag="651" ind1=" " ind2="0">
   <subfield code="a">Pakistan</subfield>
   <subfield code="x">Social conditions.</subfield>
   <subfield code="9">37212</subfield>
  </datafield>
  <datafield tag="651" ind1=" " ind2="0">
   <subfield code="a">Pakistan</subfield>
   <subfield code="x">Economic conditions.</subfield>
   <subfield code="x">Social science.</subfield>
   <subfield code="9">37213</subfield>
  </datafield>
  <datafield tag="852" ind1="4" ind2=" ">
   <subfield code="a">Ayesha Abed Library</subfield>
   <subfield code="c">General Stacks</subfield>
  </datafield>
  <datafield tag="942" ind1=" " ind2=" ">
   <subfield code="2">ddc</subfield>
   <subfield code="c">BK</subfield>
  </datafield>
  <datafield tag="999" ind1=" " ind2=" ">
   <subfield code="c">4086</subfield>
   <subfield code="d">4086</subfield>
  </datafield>
  <datafield tag="952" ind1=" " ind2=" ">
   <subfield code="0">0</subfield>
   <subfield code="1">0</subfield>
   <subfield code="2">ddc</subfield>
   <subfield code="4">0</subfield>
   <subfield code="6">320_954910000000000_JAH</subfield>
   <subfield code="7">0</subfield>
   <subfield code="9">3760</subfield>
   <subfield code="a">BRACUL</subfield>
   <subfield code="b">BRACUL</subfield>
   <subfield code="c">GEN</subfield>
   <subfield code="d">2009-10-03</subfield>
   <subfield code="g">225.00</subfield>
   <subfield code="l">2</subfield>
   <subfield code="m">3</subfield>
   <subfield code="o">320.95491 JAH</subfield>
   <subfield code="p">3010007424</subfield>
   <subfield code="r">2022-10-17</subfield>
   <subfield code="s">2018-09-23</subfield>
   <subfield code="t">1</subfield>
   <subfield code="v">450.00</subfield>
   <subfield code="w">2009-10-03</subfield>
   <subfield code="y">BK</subfield>
  </datafield>
  <datafield tag="952" ind1=" " ind2=" ">
   <subfield code="0">0</subfield>
   <subfield code="1">0</subfield>
   <subfield code="2">ddc</subfield>
   <subfield code="4">0</subfield>
   <subfield code="6">320_954910000000000_JAH</subfield>
   <subfield code="7">0</subfield>
   <subfield code="9">43622</subfield>
   <subfield code="a">SCL</subfield>
   <subfield code="b">SCL</subfield>
   <subfield code="c">GEN</subfield>
   <subfield code="d">2010-03-24</subfield>
   <subfield code="g">169.00</subfield>
   <subfield code="l">14</subfield>
   <subfield code="m">12</subfield>
   <subfield code="o">320.95491 JAH</subfield>
   <subfield code="p">3020007250</subfield>
   <subfield code="r">2025-01-11</subfield>
   <subfield code="s">2025-01-04</subfield>
   <subfield code="t">2</subfield>
   <subfield code="w">2014-09-01</subfield>
   <subfield code="y">BK</subfield>
  </datafield>
  <datafield tag="952" ind1=" " ind2=" ">
   <subfield code="0">0</subfield>
   <subfield code="1">0</subfield>
   <subfield code="2">ddc</subfield>
   <subfield code="4">0</subfield>
   <subfield code="6">320_954910000000000_JAH</subfield>
   <subfield code="7">0</subfield>
   <subfield code="9">43623</subfield>
   <subfield code="a">SCL</subfield>
   <subfield code="b">SCL</subfield>
   <subfield code="c">GEN</subfield>
   <subfield code="d">2010-03-24</subfield>
   <subfield code="g">225.00</subfield>
   <subfield code="l">9</subfield>
   <subfield code="m">13</subfield>
   <subfield code="o">320.95491 JAH</subfield>
   <subfield code="p">3020001071</subfield>
   <subfield code="r">2024-04-28</subfield>
   <subfield code="s">2024-04-21</subfield>
   <subfield code="t">3</subfield>
   <subfield code="w">2014-09-01</subfield>
   <subfield code="y">BK</subfield>
  </datafield>
  <datafield tag="952" ind1=" " ind2=" ">
   <subfield code="0">0</subfield>
   <subfield code="1">0</subfield>
   <subfield code="2">ddc</subfield>
   <subfield code="4">0</subfield>
   <subfield code="6">320_954910000000000_JAH</subfield>
   <subfield code="7">0</subfield>
   <subfield code="9">54592</subfield>
   <subfield code="a">SCL</subfield>
   <subfield code="b">SCL</subfield>
   <subfield code="c">GEN</subfield>
   <subfield code="d">2015-06-29</subfield>
   <subfield code="g">225.00</subfield>
   <subfield code="l">13</subfield>
   <subfield code="m">22</subfield>
   <subfield code="o">320.95491 JAH</subfield>
   <subfield code="p">3020006782</subfield>
   <subfield code="r">2024-09-22</subfield>
   <subfield code="s">2024-09-17</subfield>
   <subfield code="t">4</subfield>
   <subfield code="w">2015-06-29</subfield>
   <subfield code="y">BK</subfield>
  </datafield>
  <datafield tag="952" ind1=" " ind2=" ">
   <subfield code="0">0</subfield>
   <subfield code="1">0</subfield>
   <subfield code="2">ddc</subfield>
   <subfield code="4">0</subfield>
   <subfield code="6">320_954910000000000_JAH</subfield>
   <subfield code="7">0</subfield>
   <subfield code="9">67174</subfield>
   <subfield code="a">BRACUL</subfield>
   <subfield code="b">BRACUL</subfield>
   <subfield code="c">GEN</subfield>
   <subfield code="d">2019-11-17</subfield>
   <subfield code="e">Complimentary copy from BIED</subfield>
   <subfield code="l">3</subfield>
   <subfield code="m">2</subfield>
   <subfield code="o">320.95491 JAH</subfield>
   <subfield code="p">3010035744</subfield>
   <subfield code="r">2024-10-23</subfield>
   <subfield code="s">2024-10-17</subfield>
   <subfield code="t">5</subfield>
   <subfield code="w">2019-11-17</subfield>
   <subfield code="y">BK</subfield>
   <subfield code="x">Transferred from BIED to General Stacks</subfield>
  </datafield>
  <datafield tag="952" ind1=" " ind2=" ">
   <subfield code="0">0</subfield>
   <subfield code="1">0</subfield>
   <subfield code="2">ddc</subfield>
   <subfield code="4">0</subfield>
   <subfield code="6">320_954910000000000_JAH</subfield>
   <subfield code="7">1</subfield>
   <subfield code="9">70081</subfield>
   <subfield code="a">BRACUL</subfield>
   <subfield code="b">BRACUL</subfield>
   <subfield code="c">CS1</subfield>
   <subfield code="d">2022-03-10</subfield>
   <subfield code="e">Donated by Akbar Ali Khan</subfield>
   <subfield code="l">0</subfield>
   <subfield code="o">320.95491 JAH</subfield>
   <subfield code="p">3010038023</subfield>
   <subfield code="r">2022-03-10</subfield>
   <subfield code="t">6</subfield>
   <subfield code="w">2022-03-10</subfield>
   <subfield code="y">BK</subfield>
  </datafield>
  <datafield tag="952" ind1=" " ind2=" ">
   <subfield code="0">0</subfield>
   <subfield code="1">0</subfield>
   <subfield code="2">ddc</subfield>
   <subfield code="4">0</subfield>
   <subfield code="6">320_954910000000000_JAH</subfield>
   <subfield code="7">0</subfield>
   <subfield code="9">71493</subfield>
   <subfield code="a">SCL</subfield>
   <subfield code="b">SCL</subfield>
   <subfield code="c">GEN</subfield>
   <subfield code="d">2022-08-03</subfield>
   <subfield code="e">Book Finder International</subfield>
   <subfield code="g">362.00</subfield>
   <subfield code="l">9</subfield>
   <subfield code="m">13</subfield>
   <subfield code="o">320.95491 JAH</subfield>
   <subfield code="p">3020039443</subfield>
   <subfield code="r">2025-05-01</subfield>
   <subfield code="s">2024-09-22</subfield>
   <subfield code="t">7</subfield>
   <subfield code="v">0.00</subfield>
   <subfield code="w">2022-08-03</subfield>
   <subfield code="y">BK</subfield>
  </datafield>
  <datafield tag="952" ind1=" " ind2=" ">
   <subfield code="0">0</subfield>
   <subfield code="1">0</subfield>
   <subfield code="2">ddc</subfield>
   <subfield code="4">0</subfield>
   <subfield code="6">320_954910000000000_JAH</subfield>
   <subfield code="7">0</subfield>
   <subfield code="9">75352</subfield>
   <subfield code="a">BRACUL</subfield>
   <subfield code="b">BRACUL</subfield>
   <subfield code="c">GEN</subfield>
   <subfield code="d">2024-04-21</subfield>
   <subfield code="e">Karim International</subfield>
   <subfield code="g">420.00</subfield>
   <subfield code="l">0</subfield>
   <subfield code="o">320.95491 JAH</subfield>
   <subfield code="p">3010042549</subfield>
   <subfield code="r">2024-04-21</subfield>
   <subfield code="t">12</subfield>
   <subfield code="v">420.00</subfield>
   <subfield code="w">2024-04-21</subfield>
   <subfield code="y">BK</subfield>
  </datafield>
  <datafield tag="952" ind1=" " ind2=" ">
   <subfield code="0">0</subfield>
   <subfield code="1">0</subfield>
   <subfield code="2">ddc</subfield>
   <subfield code="4">0</subfield>
   <subfield code="6">320_954910000000000_JAH</subfield>
   <subfield code="7">0</subfield>
   <subfield code="9">75353</subfield>
   <subfield code="a">SCL</subfield>
   <subfield code="b">SCL</subfield>
   <subfield code="c">GEN</subfield>
   <subfield code="d">2024-04-21</subfield>
   <subfield code="e">Karim International</subfield>
   <subfield code="g">420.00</subfield>
   <subfield code="l">3</subfield>
   <subfield code="o">320.95491 JAH</subfield>
   <subfield code="p">3020042545</subfield>
   <subfield code="r">2025-05-13</subfield>
   <subfield code="s">2025-05-10</subfield>
   <subfield code="t">8</subfield>
   <subfield code="v">420.00</subfield>
   <subfield code="w">2024-04-21</subfield>
   <subfield code="y">BK</subfield>
  </datafield>
  <datafield tag="952" ind1=" " ind2=" ">
   <subfield code="0">0</subfield>
   <subfield code="1">0</subfield>
   <subfield code="2">ddc</subfield>
   <subfield code="4">0</subfield>
   <subfield code="6">320_954910000000000_JAH</subfield>
   <subfield code="7">0</subfield>
   <subfield code="9">75354</subfield>
   <subfield code="a">SCL</subfield>
   <subfield code="b">SCL</subfield>
   <subfield code="c">GEN</subfield>
   <subfield code="d">2024-04-21</subfield>
   <subfield code="e">Karim International</subfield>
   <subfield code="g">420.00</subfield>
   <subfield code="l">0</subfield>
   <subfield code="o">320.95491 JAH</subfield>
   <subfield code="p">3020042548</subfield>
   <subfield code="r">2024-04-21</subfield>
   <subfield code="t">10</subfield>
   <subfield code="v">420.00</subfield>
   <subfield code="w">2024-04-21</subfield>
   <subfield code="y">BK</subfield>
  </datafield>
  <datafield tag="952" ind1=" " ind2=" ">
   <subfield code="0">0</subfield>
   <subfield code="1">0</subfield>
   <subfield code="2">ddc</subfield>
   <subfield code="4">0</subfield>
   <subfield code="6">320_954910000000000_JAH</subfield>
   <subfield code="7">0</subfield>
   <subfield code="9">75355</subfield>
   <subfield code="a">SCL</subfield>
   <subfield code="b">SCL</subfield>
   <subfield code="c">GEN</subfield>
   <subfield code="d">2024-04-21</subfield>
   <subfield code="e">Karim International</subfield>
   <subfield code="g">420.00</subfield>
   <subfield code="l">1</subfield>
   <subfield code="o">320.95491 JAH</subfield>
   <subfield code="p">3020042546</subfield>
   <subfield code="r">2024-09-24</subfield>
   <subfield code="s">2024-09-18</subfield>
   <subfield code="t">9</subfield>
   <subfield code="v">420.00</subfield>
   <subfield code="w">2024-04-21</subfield>
   <subfield code="y">BK</subfield>
  </datafield>
  <datafield tag="952" ind1=" " ind2=" ">
   <subfield code="0">0</subfield>
   <subfield code="1">0</subfield>
   <subfield code="2">ddc</subfield>
   <subfield code="4">0</subfield>
   <subfield code="6">320_954910000000000_JAH</subfield>
   <subfield code="7">0</subfield>
   <subfield code="9">75356</subfield>
   <subfield code="a">SCL</subfield>
   <subfield code="b">SCL</subfield>
   <subfield code="c">GEN</subfield>
   <subfield code="d">2024-04-21</subfield>
   <subfield code="e">Karim International</subfield>
   <subfield code="g">420.00</subfield>
   <subfield code="l">1</subfield>
   <subfield code="o">320.95491 JAH</subfield>
   <subfield code="p">3020042547</subfield>
   <subfield code="r">2024-09-23</subfield>
   <subfield code="s">2024-09-19</subfield>
   <subfield code="t">11</subfield>
   <subfield code="v">420.00</subfield>
   <subfield code="w">2024-04-21</subfield>
   <subfield code="y">BK</subfield>
  </datafield>
 </record>
</collection>
